Drapeaux du monde symétriques - Statistiques

Statistiques générales
  • Ce quiz a été pris 26 fois
  • Le résultat moyen est 47 sur 79
Statistiques - réponses
Hint Réponse % Correct
v Pologne
96%
h France
92%
hv Autriche
88%
v Indonésie
88%
h Italie
88%
v Russie
88%
v Allemagne
83%
hv Japon
83%
v Pays-Bas
83%
h Belgique
79%
h Danemark
79%
h Finlande
79%
v Hongrie
79%
v Monaco
79%
h Norvège
79%
h Suède
79%
hv Thaïlande
79%
v Bulgarie
75%
v Canada
75%
v Inde
75%
h Irlande
75%
hv Lettonie
75%
v Luxembourg
75%
hv Costa Rica
71%
v Estonie
71%
h Islande
71%
hv Laos
71%
v Lituanie
71%
hv Pérou
71%
hv Suisse
71%
v Ukraine
71%
v Maroc
67%
hv Royaume-Uni
67%
v Albanie
63%
h Côte d'Ivoire
63%
v Gabon
63%
v Honduras
63%
v Viêt Nam
63%
hv Botswana
58%
v Colombie
58%
h Guinée
58%
hv Jamaïque
58%
v Niger
58%
hv Nigeria
58%
v Arménie
54%
h Bahreïn
54%
v Bolivie
54%
v Maurice
54%
h Qatar
54%
h Roumanie
54%
h Bangladesh
50%
hv Géorgie
50%
h Guyana
50%
h Palaos
50%
v Somalie
50%
v Yémen
50%
h Bahamas
46%
h Mali
46%
v Syrie
46%
v Vénézuela
46%
v Barbade
42%
v Birmanie
42%
v Ghana
42%
v Suriname
42%
h Tchad
42%
v Burundi
38%
hv États Fédérés de Micronésie
38%
v Gambie
38%
hv Macédoine du Nord
38%
h Maldives
38%
hv Israël
33%
v Kenya
33%
v Mauritanie
33%
v Sainte-Lucie
33%
v Sierra Leone
33%
v Burkina Faso
29%
v Kiribati
25%
v Malawi
25%
v Tadjikistan
13%
Aucun quiz correspondant
Distribution des résultats
% des personnes avec chaque résultat
Percentile par nombre de réponses
Votre historique - résultats
Vous n’avez pas pris ce quiz